| 000 | 01411nam a22002297a 4500 | ||
|---|---|---|---|
| 999 |
_c63701 _d63701 |
||
| 003 | Ge_BSU | ||
| 005 | 20251211195320.0 | ||
| 008 | 251211s2024 ge ||||| |||| 00| 0 geo d | ||
| 020 | _a9789941992926 | ||
| 041 | _ageo | ||
| 080 | _a016:929(479.22) კ-64 | ||
| 100 |
_aკოჭლაშვილი, ციური _926461 |
||
| 245 |
_aანზორ ერქომაიშვილი : _bბიობიბლიოგრაფია/ _cშეადგინა და საძიებელი დაურთო ციური კოჭლაშვილმა; რედაქტორი დავით შუღლიაშვილი. |
||
| 264 |
_aთბილისი : _bსაქართველოს პარლამენტის ეროვნული ბიბლიოთეკა, _c2024. |
||
| 300 |
_a234 გვ. ; _b21 სმ |
||
| 500 | _aპირთა საძიებელი: გვ. 203-233. | ||
| 653 | _aერქომაიშვილი, ანზორ, 1940-2021. | ||
| 653 | _aქართული ხალხური სიმღერები-ბიობიბლიოგრაფია. | ||
| 653 | _aქართველი ფოლკლორისტები -- ბიობიბლოგრაფია | ||
| 700 |
_aშუღლიაშვილი, დავით _eრედაქტორი _926462 |
||
| 942 |
_2udc _cBK |
||